| 000 | 00434cam a2200157ua 4500 | ||
|---|---|---|---|
| 020 | _a047110227x | ||
| 041 |
_aeng _h |
||
| 082 |
_a634.6 _bONW/TR |
||
| 100 | _aOnwueme, I C . | ||
| 245 |
_aTropical tuber crops :yarns cassava sweet potato and cocoyarns / _cI C Onwueme. _hTextual Documents |
||
| 260 |
_aLondon : _bEnglish Language Book Society , _c1978. |
||
| 300 | _a234 ; . | ||
| 504 | _a | ||
| 942 | _cBK | ||
| 999 |
_c3573 _d3573 |
||